Adjudication process systematic land registration in ruesseikaev district, phnom penh municipality; ដំណើរការនៃការវិនិច្ឆ័យក្នុងការចុះបញ្ជីដីធ្លីមានលក្ខណ:ជាប្រព័ន្ធ នៅខណ្ឌឬស្សីកែវ ក្រុងភ្នំពេញ (Record no. 7666)
[ view plain ]
| 000 -LEADER | |
|---|---|
| fixed length control field | 00753nam a22001577a 4500 |
| 003 - CONTROL NUMBER IDENTIFIER | |
| control field | OSt |
| 005 - DATE AND TIME OF LATEST TRANSACTION | |
| control field | 20160321090341.0 |
| 008 - FIXED-LENGTH DATA ELEMENTS--GENERAL INFORMATION | |
| fixed length control field | 160321b xxu||||| |||| 00| 0 eng d |
| 040 ## - CATALOGING SOURCE | |
| Transcribing agency | RUA |
| 082 ## - DEWEY DECIMAL CLASSIFICATION NUMBER | |
| Classification number | LMA KIM 2006 B473 Or.1 |
| 100 ## - MAIN ENTRY--PERSONAL NAME | |
| 9 (RLIN) | 8067 |
| Personal name | KIM PHEAKMARA; គឹម ភមរា |
| 245 ## - TITLE STATEMENT | |
| Title | Adjudication process systematic land registration in ruesseikaev district, phnom penh municipality; ដំណើរការនៃការវិនិច្ឆ័យក្នុងការចុះបញ្ជីដីធ្លីមានលក្ខណ:ជាប្រព័ន្ធ នៅខណ្ឌឬស្សីកែវ ក្រុងភ្នំពេញ |
| 260 ## - PUBLICATION, DISTRIBUTION, ETC. (IMPRINT) | |
| Place of publication, distribution, etc. | Phnom Penh |
| Name of publisher, distributor, etc. | RUA |
| Date of publication, distribution, etc. | 2006 |
| 300 ## - PHYSICAL DESCRIPTION | |
| Extent | x;47p. |
| Other physical details | ill. |
| Dimensions | 29cm. |
| 942 ## - ADDED ENTRY ELEMENTS (KOHA) | |
| Source of classification or shelving scheme | |
| Koha item type | LMA |
No items available.